Gestos y símbolos

Bewaard in:
Bibliografische gegevens
Hoofdauteur: Aldazábal Larrañaga, José (autor)
Formaat: Boek
Taal:Engels
Gepubliceerd in: Barcelona, España. Centre de Pastoral Litúrgica de Barcelona, 1986-1987
Editie:Tercera edición (t.I)
Reeks:Dossiers CPL; 24; 25
Onderwerpen:
Tags: Voeg label toe
Geen labels, Wees de eerste die dit record labelt!

MARC

LEADER 00000nam a22000007a 4500
003 CL-VaPUC
005 20230330144555.0
008 210910b19861987 ||||| |||| 00| 0 eng d
999 |c 433561  |d 433559 
020 |a 84-7467-085-3 (t.I) 
020 |a 84-7467-086-1 (t.II) 
020 |a 84-7467-088-8 
040 |c Pontificia Universidad Católica de Valparaíso 
082 0 4 |2 21  |a 264 ALD 1986 (t.II)  |a 264 ALD 1987 (t.I) 
100 1 |a Aldazábal Larrañaga, José  |e autor  |9 863669 
245 1 0 |a Gestos y símbolos 
250 |a Tercera edición (t.I) 
250 |a Segunda edición (t.II); 
260 |a Barcelona, España.  |b Centre de Pastoral Litúrgica de Barcelona,   |c 1986-1987 
300 |a 2 tomos 
490 0 |a Dossiers CPL;   |v 24;  |v 25 
500 |a 27/8/2021 -Donado, por el Padre Cristian Eichin, OFM., Vice Gran Canciller y Profesor de la Facultad de Teología 
583 |c 20210910  |k CRISTINA MARÍA ROJAS AGUILAR 
650 1 0 |a Liturgia  |x Iglesia Católica  |9 863670 
650 1 |a Lenguaje simbólico  |x Celebraciones litúrgicas  |x Sacramentos  |x Iglesia católica  |9 863683 
942 |2 ddc  |c BK 
952 |0 0  |1 0  |2 ddc  |4 0  |6 264_000000000000000_ALD_1987  |7 0  |8 A  |9 578810  |a BIBTEO  |b BIBTEO  |d 2021-09-10  |h t.I  |i 5623758  |o 264 ALD 1987  |p 5623758  |r 2025-01-17  |t c.1  |w 2021-09-10  |y BK  |k ICR 
952 |0 0  |1 0  |2 ddc  |4 0  |6 264_000000000000000_ALD_1986  |7 0  |8 A  |9 578811  |a BIBTEO  |b BIBTEO  |d 2021-09-10  |h t.II  |i 5623766  |o 264 ALD 1986   |p 5623766  |r 2025-01-17  |t c.1  |w 2021-09-10  |y BK  |k ICR